000 00579nam a2200241Ia 4500
003 OSt
005 20221005040102.0
006 a|||||r|||| 00| 0
007 ta
008 221004b |||||||| |||| 00| 0 eng d
024 _a30140
037 _cTextual
040 _aCRL
_cCRL
_beng
041 _2eng
_aeng
082 _aLB, M6
100 _aWise T A
_9588880
245 0 _aHindu system of medicine
260 _aDelhi
_bMittal
_c1986
300 _a431p
_ccm.
650 _aMEDICINE
942 _hLB, M6
_cTEXL
_2cc
999 _c946327
_d946327